L'Inquisition en Dauphine : etude sur le developpement et la repression de l'heresie et de la sorcellerie du XIVe siecle au debut du regne de Francois 1er /

Gardado en:
Detalles Bibliográficos
Autor Principal: Marx, Jean, 1884-
Formato: Libro
Idioma:French
Publicado: Marseille : Lafitte Reprints, 1978.
Series:Bibliothèque de l'Ecole des hautes études. Sciences historiques et philologiques ; fasc. 206.
Subjects:
LEADER 01309nam a2200301 i 4500
001 c000241882
003 CARM
005 00000000000000.0
008 840306s1978 fr b 001 0 fre d
019 1 |a 9235776  |5 LACONCORD2021 
035 |a (OCoLC)221240237  |5 LACONCORD2021 
041 0 |a fre 
043 |a e-fr--- 
045 |a r-r- 
082 0 4 |a 272.20944 
100 1 |a Marx, Jean,  |d 1884- 
245 1 2 |a L'Inquisition en Dauphine :  |b etude sur le developpement et la repression de l'heresie et de la sorcellerie du XIVe siecle au debut du regne de Francois 1er /  |c Jean Marx. 
260 |a Marseille :  |b Lafitte Reprints,  |c 1978. 
300 |a 294p. 
500 |a Reprint of original, published Paris, H. Champion, 1914, in series: Bibliotheque de l'Ecole des Hautes Etudes, fasc. 206. 
504 |a Bibliography: p.xviii-xxiii. 
650 0 |a Witchcraft  |z France. 
650 0 |a Heresies, Christian  |z France. 
650 0 |a Inquisition  |z France. 
830 0 |a Bibliothèque de l'Ecole des hautes études.  |n IVe section.  |p Sciences historiques et philologiques ;  |v fasc. 206. 
852 8 |b CARM  |h A2:AO25G0  |i B07495  |p 0328737  |f BK 
999 f f |i 31a0b215-4c41-534f-9c68-4d74c258962b  |s 984ef297-79e4-599f-b3be-3a5ef5b8588b 
952 f f |p Can circulate  |a CAVAL  |b CAVAL  |c CAVAL  |d CARM 1 Store  |e B07495  |f A2:AO25G0  |h Other scheme  |i book  |m 0328737